| 000 | 00880nam a2200241Ia 4500 | ||
|---|---|---|---|
| 003 | OSt | ||
| 005 | 20220923214726.0 | ||
| 006 | a|||||r|||| 00| 0 | ||
| 007 | ta | ||
| 008 | 220922b |||||||| |||| 00| 0 hin d | ||
| 024 | _a172,016 | ||
| 037 | _cTextual | ||
| 040 |
_aARTS _cARTS _bhin |
||
| 041 |
_2hin _ahin |
||
| 082 | _aO152,3N05:g, L6;N4-;1 | ||
| 100 |
_aसहगल, मनमोहन _9156291 |
||
| 245 | 0 |
_aउपन्यासकार जैनेन्द्र _b मूल्याकंन और मल्यांकन |
|
| 246 | _aUpanyāsakār jainendra: mūlyākanna aur malyāankana | ||
| 260 |
_aदिल्ली _b साहित्य भारती प्रकाशन _c1994 |
||
| 300 |
_a303 पृ. _ccm. |
||
| 942 |
_hO152,3N05:g, L6;N4-;1 _cTEXL _2CC |
||
| 999 |
_c326140 _d326140 |
||